Pioneer physics (Record no. 101931)
[ view plain ]
| 000 -LEADER | |
|---|---|
| fixed length control field | 00633nam a22002417a 4500 |
| 008 - FIXED-LENGTH DATA ELEMENTS--GENERAL INFORMATION | |
| fixed length control field | 210917b |||||||| |||| 00| 0 eng d |
| 020 ## - INTERNATIONAL STANDARD BOOK NUMBER | |
| International Standard Book Number | 9789937600880 |
| 082 ## - DEWEY DECIMAL CLASSIFICATION NUMBER | |
| Classification number | 530/p659 |
| 100 ## - MAIN ENTRY--PERSONAL NAME | |
| Personal name | Rayamajhi, Kamal Bahadur |
| 245 ## - TITLE STATEMENT | |
| Title | Pioneer physics |
| 250 ## - EDITION STATEMENT | |
| Edition statement | 2nd ed. |
| 260 ## - PUBLICATION, DISTRIBUTION, ETC. | |
| Place of publication, distribution, etc. | Kathmandu: |
| Name of publisher, distributor, etc. | Dreamland Publication, |
| Date of publication, distribution, etc. | 2078. |
| 300 ## - PHYSICAL DESCRIPTION | |
| Extent | 712p.; illus. |
| 504 ## - BIBLIOGRAPHY, ETC. NOTE | |
| Bibliography, etc. note | Bibliography: p.711-712 |
| 650 ## - SUBJECT ADDED ENTRY--TOPICAL TERM | |
| Topical term or geographic name entry element | Physics |
| 650 ## - SUBJECT ADDED ENTRY--TOPICAL TERM | |
| Topical term or geographic name entry element | Measurements |
| 650 ## - SUBJECT ADDED ENTRY--TOPICAL TERM | |
| Topical term or geographic name entry element | Energy |
| 700 ## - ADDED ENTRY--PERSONAL NAME | |
| Personal name | Bajracharya, Dibya |
| 700 ## - ADDED ENTRY--PERSONAL NAME | |
| Personal name | Deuja, Khem Raj |
| 9 (RLIN) | 36826 |
| 700 ## - ADDED ENTRY--PERSONAL NAME | |
| Personal name | Lekhak, Hiranya |
| 700 ## - ADDED ENTRY--PERSONAL NAME | |
| Personal name | Khadka, Dev Bahadur |
| 942 ## - ADDED ENTRY ELEMENTS (KOHA) | |
| Source of classification or shelving scheme | Dewey Decimal Classification |
| Koha item type | General Collections |
| Withdrawn status | Lost status | Source of classification or shelving scheme | Damaged status | Not for loan | Home library | Current library | Shelving location | Date acquired | Total Checkouts | Total Renewals | Full call number | Barcode | Date last seen | Date last checked out | Price effective from | Koha item type |
|---|---|---|---|---|---|---|---|---|---|---|---|---|---|---|---|---|
| Dewey Decimal Classification | Tribhuvan University Central Library | Tribhuvan University Central Library | New Building | 09/17/2021 | 5 | 7 | 530/p659 | 165076 | 06/10/2025 | 09/16/2024 | 09/17/2021 | General Collections | ||||
| Dewey Decimal Classification | Tribhuvan University Central Library | Tribhuvan University Central Library | New Building | 09/17/2021 | 4 | 6 | 530/p659 | 165077 | 08/18/2024 | 07/28/2024 | 09/17/2021 | General Collections |
